| 000 | 00547nam a2200193Ia 4500 | ||
|---|---|---|---|
| 005 | 20250923145938.0 | ||
| 008 | 008 250917s9999 xx 000 0 eng d | ||
| 037 | _aTextual | ||
| 040 |
_aDSWL _beng _cDSWL |
||
| 041 |
_aeng _2eng |
||
| 084 |
_aL7:4:691.2,d, N96 _qDSWL |
||
| 100 |
_aSharma, S. _9840576 |
||
| 245 | 0 |
_aMental hospitals in India _c by S. Sharma |
|
| 260 |
_aDelhi _b I.H.B.A.S. _c1996 |
||
| 300 | _a263p. | ||
| 700 |
_a R.K. Chadda _9840577 |
||
| 942 |
_cTEXL _hL7:4:691.2,d, N96 |
||
| 999 |
_c1457657 _d1457657 |
||